Statistics for Top 23 Ballon d'Or 2012-2015

Click here to take the quiz!

General Stats

  • This quiz has been taken 3,186 times
  • The average score is 38 of 46

Answer Stats

Answer% Correct
Cristiano Ronaldo
100%
Lionel Messi
100%
Neymar
99%
Luis Suarez
98%
Robert Lewandowski
97%
Gareth Bale
96%
Zlatan Ibrahimovic
96%
Andrés Iniesta
95%
Manuel Neuer
94%
Arjen Robben
93%
Eden Hazard
93%
James Rodriguez
92%
Sergio Agüero
92%
Thomas Müller
92%
Toni Kroos
92%
Xavi
92%
Alexis Sanchez
91%
Karim Benzema
91%
Kevin de Bruyne
91%
Yaya Touré
91%
Franck Ribéry
89%
Paul Pogba
87%
Arturo Vidal
85%
Ivan Rakitic
85%
Angel Di Maria
84%
Didier Drogba
84%
Robin van Persie
83%
Edinson Cavani
82%
Mesut Özil
82%
Philipp Lahm
82%
Sergio Ramos
82%
Radamel Falcao
81%
Javier Mascherano
79%
Thiago Silva
74%
Wayne Rooney
73%
Gérard Piqué
71%
Gianluigi Buffon
71%
Thibaut Courtois
70%
Andrea Pirlo
69%
Diego Costa
68%
Sergio Busquets
63%
Iker Casillas
62%
Mario Balotelli
60%
Bastian Schweinsteiger
57%
Xabi Alonso
54%
Mario Götze
44%

Score Distribution

Percentile by Number Answered

Percent of People with Each Score

Your Score History

You have not taken this quiz